Abeceda obchodu: Sjednávání cen v zahraničním obchodě

Dojednanie ceny - najzložitejšia operácia pri uzatváraní obchodných zmlúv. Východiská pri tvorbe ceny. Analýza zahraničného trhu. Ekonomické zámery exportére z hľadiska ponukových cien. Dojednávanie ceny so zahraničným partnerom - hlavné body, na ktoré sa má exportér pri dojednávaní cien s dovozcom...

Celý popis

Uložené v:
Podrobná bibliografia
Hlavný autor: Žemlička, Jiří
Médium: Kapitola
Jazyk:Czech
Predmet:
Tagy: Pridať tag
Žiadne tagy, Buďte prvý, kto otaguje tento záznam!

MARC

LEADER 00000naa a2200000 4500
001 r047104
005 20230908091736.1
041 0 |a cze 
044 |a CZ 
245 1 0 |a Abeceda obchodu: Sjednávání cen v zahraničním obchodě  |c Jiří Žemlička 
520 |a Dojednanie ceny - najzložitejšia operácia pri uzatváraní obchodných zmlúv. Východiská pri tvorbe ceny. Analýza zahraničného trhu. Ekonomické zámery exportére z hľadiska ponukových cien. Dojednávanie ceny so zahraničným partnerom - hlavné body, na ktoré sa má exportér pri dojednávaní cien s dovozcom sústrediť. 
610 2 0 |a obchod zahraničný 
610 2 0 |a ceny 
610 2 0 |a tvorba cien 
610 2 0 |a analýza trhu 
610 2 0 |a ceny ponukové 
100 1 |a Žemlička, Jiří